Statistics for Countries Starting With A

Click here to take the quiz!

General Stats

  • This quiz has been taken 78 times
  • The average score is 10 of 11

Answer Stats

HintAnswer% Correct
OceanicAustralia
93%
EuropeanAustria
93%
EuropeanAlbania
91%
EuropeanAndorra
91%
South AmericanArgentina
91%
AsianArmenia
91%
AfricanAngola
88%
AfricanAlgeria
87%
AsianAfghanistan
86%
AsianAzerbaijan
86%
Central AmericanAntigua and Barbuda
75%

Score Distribution

Percentile by Number Answered

Percent of People with Each Score

Your Score History

You have not taken this quiz